| 000 | 00821cam a2200265 a 4500 | ||
|---|---|---|---|
| 001 | 000018265 | ||
| 005 | 20200929165428.0 | ||
| 008 | 781005s1979 sp 000 d spa d | ||
| 020 | _a8423915697 | ||
| 040 |
_aDO-SdBNP _bspa _cLC _dBNPHU |
||
| 082 |
_a862.6 _bB928c, 1979 |
||
| 100 | 1 |
_aBuero Vallejo, Antonio, _d1916-2000 _917657 |
|
| 245 | 1 | 3 |
_aEl concierto de San Ovidio ; _bla fundación / _cAntonio Buero Vallejo. |
| 250 | _a3a ed. | ||
| 260 |
_aMadrid : _bEspasa-Calpe, _c1979. |
||
| 300 |
_a258 p. ; _c18 cm. |
||
| 490 | 1 |
_aAustral. Violeta: teatro y poesía _v1569 |
|
| 650 | 4 |
_aTeatro español _93071 |
|
| 650 | 4 |
_aLiteratura española _9632 |
|
| 740 | 3 | _aLa fundación | |
| 830 | 0 |
_aAustral. Violeta: teatro y poesía ; _v1569 _939559 |
|
| 910 | _aCatalogación derivada | ||
| 910 | _aWM | ||
| 049 | _aBNGR | ||
| 999 |
_c17786 _d17786 |
||